[Event "7e Festival de Vaujany 2016 - principal"]
[Site "Vaujany "]
[Date "2016.07.18"]
[Round "3.2"]
[White "Van Foreest, Jorden"]
[Black "Brunner, Nicolas"]
[Result "1-0"]
[WhiteElo "2584"]
[BlackElo "2443"]
[PlyCount "113"]
[EventDate "2016.??.??"]
[BlackTeam "Vandoeuvre-Echecs"]

1. d4 d5 2. Nf3 Nf6 3. Bf4 c5 4. e3 Nc6 5. Nbd2 Qb6 6. dxc5 Qxb2 7. Rb1 Qc3 8.
Bb5 e6 9. Ne5 Qxc5 10. O-O Be7 11. c4 O-O 12. Nb3 Qa3 13. Nxc6 bxc6 14. Bxc6
Ba6 15. Bxa8 Rxa8 16. Re1 dxc4 17. Nd4 Rc8 18. Be5 c3 19. Bxf6 gxf6 20. Qc2 Qa5
21. a3 Bxa3 22. Ra1 Bc4 23. Reb1 Qa6 24. Qxc3 Bd3 25. Rb3 Rxc3 26. Rxc3 e5 27.
Rcxa3 Qc4 28. Nf3 a6 29. Ne1 Be2 30. R3a2 Qc3 31. h3 Bc4 32. Ra3 Qb2 33. Nf3 h6
34. Ra4 Kh7 35. Nh2 Bb5 36. R4a2 Qc3 37. Nf1 Bc4 38. Ra3 Qb2 39. e4 Bd3 40. Ng3
Kg6 41. Kh2 Qd2 42. R1a2 Qd1 43. Rb2 h5 44. h4 a5 45. Rb6 Qc2 46. f3 a4 47. Rb4
Qd2 48. Raxa4 Bc2 49. Rb2 Qc1 50. Rab4 Qf4 51. Kh3 Bd3 52. Ra4 Qc1 53. Rb8 Bc4
54. Rg8+ Kh7 55. Raa8 Be6+ 56. Kh2 f5 57. Nxh5 1-0

[Event "7e Festival de Vaujany 2016 - principal"]
[Site "Vaujany "]
[Date "2016.07.18"]
[Round "3.3"]
[White "Midoux, Sebastien"]
[Black "Chatalbashev, Boris"]
[Result "0-1"]
[WhiteElo "2343"]
[BlackElo "2545"]
[PlyCount "88"]
[EventDate "2016.??.??"]
[WhiteTeam "CE Vitrolles"]
[BlackTeam "Tour Prends Garde! Besancon"]

1. d4 Nf6 2. c4 e6 3. Nf3 c5 4. d5 b5 5. Qc2 bxc4 6. e4 exd5 7. exd5 Nxd5 8.
Bxc4 Nb4 9. Qe2+ Be7 10. a3 N4c6 11. Nc3 Na5 12. Bd5 Ba6 13. Qe5 O-O 14. Bxa8
Bf6 15. Qf5 Nb3 16. Bg5 Bxc3+ 17. bxc3 Qa5 18. Bd2 Qb5 19. c4 Qxc4 20. Qe5 d6
21. Bd5 dxe5 22. Bxc4 Nxa1 23. Bxa6 Nxa6 24. Bc3 Nc2+ 25. Kd2 Nxa3 26. Ra1 Rd8+
27. Kc1 Nb5 28. Rxa6 Nxc3 29. Nxe5 f6 30. Nc4 Nb5 31. Rc6 Nd4 32. Rc7 a6 33.
Kb2 Rb8+ 34. Ka2 Re8 35. Nd6 Re2+ 36. Kb1 h6 37. g3 Rxf2 38. Ne8 Rf1+ 39. Kb2
Rf2+ 40. Kb1 Kf8 41. Nxg7 Rxh2 42. g4 a5 43. Nh5 a4 44. Nxf6 a3 0-1

[Event "7e Festival de Vaujany 2016 - principal"]
[Site "Vaujany"]
[Date "2016.07.18"]
[Round "3.4"]
[White "Mihok, Oliver"]
[Black "Skomorokhin, Roman"]
[Result "1-0"]
[WhiteElo "2509"]
[BlackElo "2396"]
[PlyCount "93"]
[EventDate "2016.??.??"]

1. e4 e6 2. d4 d5 3. Nc3 Bb4 4. e5 c5 5. a3 Bxc3+ 6. bxc3 Qa5 7. Bd2 Qa4 8. Qg4
g6 9. Nf3 c4 10. Be2 Nc6 11. Ra2 h6 12. Qh4 Bd7 13. O-O Nge7 14. Bg5 Qa5 15.
Bf6 Rf8 16. Qxh6 Qxc3 17. Qe3 Qa5 18. g4 O-O-O 19. Rb1 Kb8 20. a4 Bc8 21. Qa3
Rd7 22. Rb5 Qd8 23. Rab2 Ka8 24. a5 Rg8 25. c3 Qf8 26. Ng5 Qh6 27. Rb1 Rf8 28.
Qc5 Rh8 29. h3 Qf8 30. Bd1 Nb8 31. Bxh8 Qxh8 32. Kg2 f6 33. Nxe6 Na6 34. Qa3
fxe5 35. Nc5 Nxc5 36. Qxc5 Qd8 37. dxe5 g5 38. Bc2 Rc7 39. Qd6 Bd7 40. Rc5 Rxc5
41. Qxc5 Bc6 42. Kg1 Nc8 43. Bf5 a6 44. Re1 Ne7 45. Qd6 Qxa5 46. Qxe7 Qxc3 47.
Qf8+ 1-0

[Event "7e Festival de Vaujany 2016 - principal"]
[Site "Vaujany "]
[Date "2016.07.18"]
[Round "3.5"]
[White "Viennot, Dylan"]
[Black "Horvath, Jozsef"]
[Result "0-1"]
[WhiteElo "2331"]
[BlackElo "2507"]
[PlyCount "98"]
[EventDate "2016.??.??"]
[WhiteTeam "Mulhouse Philidor"]
[BlackTeam "Echiquier Orangeois"]

1. d4 Nf6 2. Nc3 d5 3. Bg5 Nbd7 4. Qd3 g6 5. f3 Bg7 6. e4 c6 7. e5 Ng8 8. f4 f6
9. Bh4 Nh6 10. h3 Nf5 11. Bf2 fxe5 12. fxe5 e6 13. g4 Nh4 14. Qg3 g5 15. Qe3 c5
16. Nb5 cxd4 17. Nxd4 Nxe5 18. Bxh4 gxh4 19. Bb5+ Kf7 20. O-O-O Rf8 21. Ngf3
Nxf3 22. Rhf1 Kg8 23. Rxf3 Rxf3 24. Nxf3 Qa5 25. Bd3 Qb6 26. Qxb6 axb6 27. Kb1
Bd7 28. Nxh4 Rf8 29. Rf1 Rxf1+ 30. Bxf1 Bf6 31. Nf3 e5 32. c3 Kf7 33. Kc2 Kg6
34. Bg2 e4 35. Nd2 b5 36. Kb3 Kg5 37. Nxe4+ dxe4 38. Bxe4 h6 39. Bxb7 Kh4 40.
Bg2 Kg3 41. Bf1 Kf2 42. Bd3 Kg2 43. Kb4 Be7+ 44. Ka5 Kxh3 45. Be2 Kg3 46. Kb6
Bxg4 47. Bxb5 h5 48. a4 h4 49. Bf1 Kf2 0-1

[Event "7e Festival de Vaujany 2016 - principal"]
[Site "Vaujany "]
[Date "2016.07.18"]
[Round "3.6"]
[White "Drozdowski, Kacper"]
[Black "Joie, Sebastien"]
[Result "0-1"]
[WhiteElo "2490"]
[BlackElo "2387"]
[PlyCount "110"]
[EventDate "2016.??.??"]
[BlackTeam "Cercle d'Echecs de l'Agglomération Annécienne"]

1. d4 d5 2. c4 c6 3. Nf3 Nf6 4. Nc3 Bf5 5. Qb3 Qb6 6. c5 Qxb3 7. axb3 Ne4 8.
Bf4 Na6 9. Ra4 f6 10. b4 g5 11. Bg3 Nxg3 12. hxg3 Nc7 13. e3 a6 14. Kd2 Rd8 15.
Bd3 Bxd3 16. Kxd3 Bg7 17. g4 O-O 18. Nd2 e5 19. f3 exd4 20. exd4 Ne6 21. Ne2
Rde8 22. Raa1 f5 23. gxf5 Rxf5 24. g3 Rf7 25. Rh2 Rfe7 26. Nf1 Rf8 27. Nd2 Rfe8
28. Nf1 g4 29. f4 Bf6 30. Rf2 Ng7 31. f5 Re4 32. b5 axb5 33. Ra7 R8e7 34. b4
Kf7 35. Ra2 Ne8 36. Rf4 Bg5 37. Rxe4 dxe4+ 38. Kc2 Nf6 39. Nc3 h5 40. Ra7 e3
41. Ne2 Nd5 42. Ra8 Nxb4+ 43. Kd1 Nd5 44. Rh8 b4 45. Rxh5 Nc3+ 46. Ke1 Nxe2 47.
Kxe2 b3 48. Rh1 Kg8 49. Rg1 Re4 50. Nh2 Rxd4 51. Rb1 Rd2+ 52. Ke1 Rxh2 53. Rxb3
Rc2 54. Rxb7 Bf6 55. Rb3 e2 0-1

[Event "7e Festival de Vaujany 2016 - principal"]
[Site "?"]
[Date "2016.07.18"]
[Round "3.7"]
[White "Rooze, Jan"]
[Black "Di Nicolantonio, Lucas"]
[Result "0-1"]
[WhiteElo "2322"]
[BlackElo "2393"]
[PlyCount "62"]

1. e4 d6 2. d4 Nf6 3. Nc3 g6 4. Be3 a6 5. h3 Bg7 6. Nf3 O-O 7. Qd2 b5 8. Bd3
Bb7 9. a3 Nbd7 10. Bh6 c5 11. d5 e6 12. Bxg7 Kxg7 13. dxe6 fxe6 14. O-O Qe7 15.
Rfe1 Nh5 16. Bf1 Rxf3 17. gxf3 Ne5 18. Bg2 Rf8 19. Rad1 Nf4 20. Ne2 Nxg2 21.
Kxg2 Nxf3 22. Qc3+ e5 23. Qxf3 Rxf3 24. Kxf3 Qf7+ 25. Ke3 d5 26. exd5 Bxd5 27.
f4 Qe6 28. Kf2 Bc6 29. Rd3 Qf5 30. Rd6 Qe4 31. fxe5 Qf3+ 0-1

[Event "7e Festival de Vaujany 2016 - principal"]
[Site "?"]
[Date "2016.07.18"]
[Round "3.8"]
[White "Dudognon, Thibault"]
[Black "Le Corre, Benjamin"]
[Result "1/2-1/2"]
[WhiteElo "2158"]
[BlackElo "2323"]
[PlyCount "63"]
[EventDate "2016.??.??"]

1. e4 c5 2. Nf3 Nc6 3. d4 cxd4 4. Nxd4 Nf6 5. Nc3 e5 6. Ndb5 d6 7. Bg5 a6 8.
Na3 b5 9. Nd5 Be7 10. Bxf6 Bxf6 11. c3 Bg5 12. Nc2 O-O 13. a4 bxa4 14. Rxa4 a5
15. Bc4 Rb8 16. Ra2 Kh8 17. Nce3 Bxe3 18. Nxe3 Ne7 19. O-O f5 20. exf5 Nxf5 21.
Nxf5 Bxf5 22. b3 Be4 23. Bd5 Bxd5 24. Qxd5 Qb6 25. Rxa5 e4 26. Ra2 Qxb3 27.
Qxb3 Rxb3 28. Rd2 Rxc3 29. Rxd6 Rc2 30. Rdd1 h6 31. Rde1 Rc4 32. Re3 1/2-1/2

[Event "7e Festival de Vaujany 2016 - principal"]
[Site "?"]
[Date "2016.07.18"]
[Round "3.9"]
[White "Strohl, Antoine"]
[Black "Degardin, Sylvain"]
[Result "1/2-1/2"]
[WhiteElo "1913"]
[BlackElo "2101"]
[PlyCount "113"]

1. d4 Nf6 2. Nf3 e6 3. c4 b6 4. Nc3 Bb7 5. Bg5 Bb4 6. Qc2 h6 7. Bh4 g5 8. Bg3
Ne4 9. e3 Bxc3+ 10. bxc3 d6 11. Nd2 Nxd2 12. Qxd2 Nd7 13. f3 f5 14. Bd3 Qf6 15.
e4 f4 16. Bf2 e5 17. h3 h5 18. O-O-O O-O-O 19. Qe2 Qg6 20. Rdg1 Kb8 21. g3 fxg3
22. Rxg3 h4 23. Rg2 Qf6 24. Be3 Rdf8 25. Rf1 Qe6 26. Rh1 Qf7 27. Rf1 Nf6 28.
Bxg5 Nh5 29. Qe3 Ng3 30. Rff2 Bc8 31. Bxh4 Nh1 32. Bg5 Nxf2 33. Rxf2 Rxh3 34.
Be2 Be6 35. d5 Bd7 36. Qd2 Rg8 37. Be3 Rh1+ 38. Kb2 Rgg1 39. Bd3 Ba4 40. Bc2
Bxc2 41. Qxc2 Rg3 42. Qa4 Rh8 43. Qd1 Rhh3 44. Bd2 Rxf3 45. Rg2 Rf2 46. Qg1
Rhf3 47. Rg8+ Kb7 48. Qg4 Ka6 49. Qc8+ Ka5 50. Qb7 Rxd2+ 51. Kb3 c5 52. Qc6
Rxc3+ 53. Kxc3 Rb2 54. Kxb2 Qf2+ 55. Kb3 Qe3+ 56. Kb2 Qd2+ 57. Kb1 1/2-1/2

[Event "7e Festival de Vaujany 2016 - principal"]
[Site "?"]
[Date "2016.07.18"]
[Round "3.10"]
[White "Nastro, Federico"]
[Black "Favarel, Camille"]
[Result "0-1"]
[WhiteElo "2071"]
[BlackElo "2256"]
[PlyCount "78"]

1. e4 c6 2. d4 d5 3. Nc3 dxe4 4. Nxe4 Bf5 5. Ng3 Bg6 6. Nf3 Nd7 7. h4 h6 8. h5
Bh7 9. Bd3 Bxd3 10. Qxd3 e6 11. Bd2 Ngf6 12. O-O-O Be7 13. Kb1 O-O 14. Ne4 Nxe4
15. Qxe4 Nf6 16. Qe2 Qd5 17. c4 Qe4+ 18. Qxe4 Nxe4 19. Be3 f5 20. g3 Bg5 21.
Bxg5 hxg5 22. Rh2 Rad8 23. Kc2 Kh7 24. Kd3 g4 25. Nh4 Ng5 26. Ng6 Rxd4+ 27. Kc2
Rfd8 28. Rxd4 Rxd4 29. b3 Nf3 30. Rh1 Rd2+ 31. Kc3 Rxf2 32. Rd1 e5 33. Rd7 e4
34. Rxb7 e3 35. Nf4 e2 36. Nxe2 Rxe2 37. Rxa7 f4 38. gxf4 g3 39. f5 Kh6 0-1

[Event "7e Festival de Vaujany 2016 - principal"]
[Site "?"]
[Date "2016.07.18"]
[Round "3.11"]
[White "Chalmeta, Ugas Ramon"]
[Black "Bianchi, Tobias"]
[Result "1/2-1/2"]
[WhiteElo "2249"]
[BlackElo "2016"]
[PlyCount "62"]

1. e4 c5 2. Nf3 d6 3. Bb5+ Bd7 4. Bxd7+ Nxd7 5. O-O Ngf6 6. Qe2 e6 7. c3 Be7 8.
d4 cxd4 9. cxd4 d5 10. e5 Ne4 11. Nbd2 Nxd2 12. Bxd2 Qb6 13. h4 Rc8 14. Bg5
Bxg5 15. hxg5 O-O 16. Rfc1 Rc6 17. Rxc6 Qxc6 18. Ne1 Rc8 19. Nd3 Nb6 20. Qe3
Nc4 21. Qe2 Nb6 22. Qd1 Qc2 23. Qxc2 Rxc2 24. Rc1 Rxc1+ 25. Nxc1 Nc4 26. b3 Na5
27. a3 b5 28. a4 a6 29. axb5 axb5 30. Kf1 Nc6 31. Ne2 Na5 1/2-1/2

[Event "7e Festival de Vaujany 2016 - principal"]
[Site "?"]
[Date "2016.07.18"]
[Round "3.12"]
[White "Suez-Panama, Gilles"]
[Black "Bluhm, Sonja Maria"]
[Result "0-1"]
[WhiteElo "2017"]
[BlackElo "2229"]
[PlyCount "94"]

1. d4 Nf6 2. Nf3 g6 3. c4 Bg7 4. Nc3 O-O 5. Bf4 d6 6. e3 Nfd7 7. h3 c5 8. Be2
Nc6 9. O-O Re8 10. Qd2 a6 11. Rad1 b6 12. d5 Nce5 13. Ng5 h6 14. Nge4 b5 15.
cxb5 axb5 16. Bxb5 Ba6 17. Bxa6 Rxa6 18. Qe2 Qa5 19. Nd2 Rb6 20. Rb1 Reb8 21.
Nb3 Qb4 22. Rfc1 Nc4 23. Nd1 Na5 24. Nxa5 Qxa5 25. b3 g5 26. Bg3 Qa6 27. Qxa6
Rxa6 28. Rc2 Ra3 29. e4 Rba8 30. Ne3 h5 31. h4 g4 32. Nc4 Rxa2 33. Rxa2 Rxa2
34. b4 Ra4 35. bxc5 Nxc5 36. Nd2 Nxe4 37. Nxe4 Rxe4 38. f3 gxf3 39. gxf3 Rd4
40. Rb5 Bf6 41. f4 Rd2 42. Kf1 Kg7 43. f5 Rd4 44. Bf2 Rf4 45. Kg2 Bxh4 46. Be3
Rxf5 47. Bd4+ Bf6 0-1

[Event "7e Festival de Vaujany 2016 - principal"]
[Site "?"]
[Date "2016.07.18"]
[Round "3.13"]
[White "Schmitt, Gregory"]
[Black "Gatineau, Yovann"]
[Result "1-0"]
[WhiteElo "1987"]
[BlackElo "2206"]
[PlyCount "37"]

1. b3 c5 2. Bb2 Nc6 3. Nf3 d6 4. d4 cxd4 5. Nxd4 Nf6 6. g3 g6 7. Bg2 Bd7 8. O-O
Bg7 9. Nxc6 bxc6 10. c4 Qc8 11. Re1 Bh3 12. Bh1 h5 13. e4 h4 14. e5 hxg3 15.
hxg3 Bf1 16. Qf3 Rxh1+ 17. Qxh1 Ng4 18. Rxf1 Nxe5 19. Nd2 1-0

[Event "7e Festival de Vaujany 2016 - principal"]
[Site "?"]
[Date "2016.07.18"]
[Round "3.14"]
[White "Georges, Thomas"]
[Black "Gaborit, Jean-Pierre"]
[Result "0-1"]
[WhiteElo "1980"]
[BlackElo "2182"]
[PlyCount "72"]

1. e4 e6 2. d4 d5 3. Nc3 Nf6 4. Bg5 Be7 5. e5 Nfd7 6. Bxe7 Qxe7 7. f4 a6 8. Nf3
c5 9. Qd2 Nc6 10. dxc5 Nxc5 11. Bd3 b5 12. Ne2 O-O 13. Ned4 Nxd4 14. Nxd4 f5
15. O-O-O Bd7 16. h3 Ne4 17. Qe3 b4 18. g4 a5 19. gxf5 exf5 20. Rhg1 a4 21.
Bxe4 dxe4 22. Rg3 a3 23. b3 Rac8 24. Rdg1 Rf7 25. Qd2 Kh8 26. Rd1 Rff8 27. Rdg1
Rg8 28. Qe2 g6 29. Rg5 Qc5 30. Qd2 Rgd8 31. Rd1 Bb5 32. Rg2 Bf1 33. Rh2 Bxh3
34. Qe3 Bg4 35. Rdd2 Qc3 36. Qxc3 bxc3 0-1

[Event "7e Festival de Vaujany 2016 - principal"]
[Site "?"]
[Date "2016.07.18"]
[Round "3.15"]
[White "Juhasz, Barbara"]
[Black "Skomorokhina, Ekaterina"]
[Result "1-0"]
[WhiteElo "2179"]
[BlackElo "1919"]
[PlyCount "127"]

1. e4 e6 2. d3 d5 3. Nd2 Be7 4. Ngf3 Nf6 5. g3 c5 6. Bg2 Nc6 7. O-O O-O 8. Re1
b5 9. e5 Nd7 10. Nf1 a5 11. h4 Ba6 12. Bf4 b4 13. N1h2 a4 14. a3 bxa3 15. bxa3
c4 16. d4 Na7 17. Ng5 g6 18. Nh3 Nb5 19. Bg5 Rc8 20. Ng4 Re8 21. Qd2 h5 22. Nh2
c3 23. Qf4 Bxg5 24. Nxg5 Qe7 25. g4 Rc4 26. Ngf3 Nxa3 27. Rxa3 Qxa3 28. gxh5
Qe7 29. Ng4 Rf8 30. Nf6+ Kg7 31. h6+ Kh8 32. Nxd7 Ra8 33. Nb6 Ra7 34. Nxc4 Bxc4
35. Bf1 Bxf1 36. Kxf1 a3 37. Qf6+ Qxf6 38. exf6 Kh7 39. Ke2 a2 40. Ra1 Kxh6 41.
Ke3 Kh5 42. Kf4 Kh6 43. Ke5 Kh7 44. Kf4 Kh6 45. Ne1 Ra4 46. Ke5 Kh5 47. Nd3 Kg4
48. Nc1 Rb4 49. Nb3 Ra4 50. f4 Kf3 51. Nc5 Ra8 52. Kd6 Ke2 53. Nxe6 Ra6+ 54.
Ke7 Ra7+ 55. Ke8 fxe6 56. f7 Kd2 57. f8=Q Kxc2 58. Qb4 Ra8+ 59. Kf7 Ra6 60. Qb5
Ra3 61. Kxg6 Kd2 62. Qf1 c2 63. Qc1+ Kc3 64. Qxa3+ 1-0

[Event "7e Festival de Vaujany 2016 - principal"]
[Site "?"]
[Date "2016.07.18"]
[Round "3.16"]
[White "Jognery, Lionel"]
[Black "David, Bogdan-Emanuel"]
[Result "0-1"]
[WhiteElo "1960"]
[BlackElo "2161"]
[PlyCount "92"]

1. e4 c5 2. Nf3 Nc6 3. d4 cxd4 4. Nxd4 e5 5. Nb5 d6 6. N1c3 a6 7. Na3 b5 8. Nd5
Nge7 9. c3 Nxd5 10. Qxd5 Bb7 11. Be3 Na5 12. Qd3 d5 13. b4 Nc4 14. Nxc4 dxc4
15. Qxd8+ Rxd8 16. f3 Be7 17. a4 Ra8 18. axb5 axb5 19. Rxa8+ Bxa8 20. g4 Bc6
21. Kd2 O-O 22. Kc2 g6 23. Rg1 Kh8 24. Bh3 Ra8 25. Kb2 Rd8 26. Re1 Bh4 27. Re2
Rd3 28. g5 h6 29. gxh6 f5 30. Bg2 Bd7 31. f4 g5 32. fxe5 f4 33. Bd4 Be6 34. Bf1
Rd1 35. Bh3 Bxh3 36. e6+ Kh7 37. e7 Bd7 38. e5 Re1 39. Rd2 f3 40. Ka3 Re2 41.
Rd1 Be8 42. Bc5 f2 43. Bxf2 Bxf2 44. Rd8 Be3 45. Rd1 Rc2 46. h4 Bc1+ 0-1

[Event "7e Festival de Vaujany 2016 - principal"]
[Site "?"]
[Date "2016.07.18"]
[Round "3.17"]
[White "Bergero, Simone"]
[Black "Bandet, Raphael"]
[Result "0-1"]
[WhiteElo "1916"]
[BlackElo "2156"]
[PlyCount "72"]

1. d4 Nf6 2. Bg5 e6 3. e4 h6 4. Bxf6 Qxf6 5. Nf3 b6 6. Nbd2 Bb7 7. c3 g6 8. Qc2
Bg7 9. Bd3 d6 10. O-O-O Nd7 11. Kb1 a6 12. Nc4 Qe7 13. Qe2 O-O 14. h4 h5 15.
Rdg1 Nf6 16. Ng5 Rab8 17. f3 b5 18. Nd2 c5 19. g4 Ba8 20. Nf1 c4 21. Bc2 b4 22.
Qxc4 Rfc8 23. Qxa6 bxc3 24. b3 Bb7 25. Qa3 Qc7 26. gxh5 Nxh5 27. Ng3 Nxg3 28.
Rxg3 Qb6 29. h5 Ra8 30. Qc1 Rxa2 31. hxg6 f6 32. Rh8+ Bxh8 33. g7 Rb2+ 34. Qxb2
cxb2 35. Nxe6 Rxc2 36. Kxc2 b1=Q+ 0-1

[Event "7e Festival de Vaujany 2016 - principal"]
[Site "?"]
[Date "2016.07.18"]
[Round "3.18"]
[White "Vanheirzeele, Daniel"]
[Black "Marin Benito, Carla"]
[Result "1-0"]
[WhiteElo "2142"]
[BlackElo "1904"]
[PlyCount "83"]

1. d4 Nf6 2. c4 g6 3. Nc3 Bg7 4. e4 d6 5. Nf3 O-O 6. Be2 e5 7. O-O Qe7 8. Bg5
Nbd7 9. dxe5 Nxe5 10. Qd2 Re8 11. Rad1 Qf8 12. Nd4 a6 13. f3 h6 14. Be3 Kh7 15.
Nd5 Nxd5 16. cxd5 c5 17. dxc6 bxc6 18. Nb3 Rd8 19. Bb6 Rd7 20. f4 Rb7 21. Bd4
Ng4 22. h3 Nf6 23. Bf3 d5 24. e5 Ne8 25. Rc1 Rc7 26. Bb6 Rb7 27. Bc5 Qh8 28.
Na5 Rd7 29. Nxc6 Bb7 30. Na5 Rad8 31. Bb6 Rb8 32. Ba7 Rbd8 33. Bd4 Ba8 34. Nc6
Rc8 35. Nb4 Rxc1 36. Rxc1 Nc7 37. Bg4 Ne6 38. Nxa6 Re7 39. Bxe6 Rxe6 40. Nc7
Re7 41. Qa5 Bb7 42. Qb4 1-0

[Event "7e Festival de Vaujany 2016 - principal"]
[Site "?"]
[Date "2016.07.18"]
[Round "3.19"]
[White "Williams, Johann"]
[Black "Houard, Sebastien"]
[Result "0-1"]
[WhiteElo "1837"]
[BlackElo "2133"]
[PlyCount "98"]

1. e4 e5 2. Nf3 Nc6 3. Bb5 a6 4. Ba4 Nf6 5. O-O b5 6. Bb3 Be7 7. Qe2 d6 8. c3
O-O 9. Rd1 Na5 10. Bc2 c5 11. d4 Qc7 12. d5 Bd7 13. b3 Nb7 14. a4 c4 15. b4 a5
16. axb5 axb4 17. Rxa8 Rxa8 18. cxb4 Bxb5 19. Na3 Ba4 20. Re1 Nd7 21. Bxa4 Rxa4
22. Nb5 Qb8 23. Bd2 Nb6 24. Rb1 Qc8 25. Nc3 Ra3 26. Ne1 g6 27. Qd1 f5 28. f3
Nd8 29. Nb5 Ra2 30. Nc3 Ra3 31. Nb5 Ra8 32. Ra1 Nd7 33. Be3 fxe4 34. fxe4 Nf6
35. Nc3 Rxa1 36. Qxa1 Ng4 37. Qc1 Qb7 38. Nc2 Nf7 39. h3 Nxe3 40. Qxe3 Bd8 41.
Qe2 Bb6+ 42. Kh2 Ng5 43. h4 Nf7 44. Qxc4 Qe7 45. Qc8+ Kg7 46. Qh3 Qf6 47. g3
Qf3 48. Na4 Ba7 49. g4 Bg1+ 0-1

[Event "7e Festival de Vaujany 2016 - principal"]
[Site "Vaujany "]
[Date "2016.07.18"]
[Round "3.20"]
[White "Zachary, Matheo"]
[Black "Teychene, Jean-Louis"]
[Result "0-1"]
[WhiteElo "2130"]
[BlackElo "1853"]
[PlyCount "66"]
[EventDate "2016.??.??"]
[WhiteTeam "Mulhouse Philidor"]
[BlackTeam "Echiquier Marseillais 1872"]

1. e4 e5 2. Nf3 Nc6 3. Nc3 Nf6 4. Bb5 Bb4 5. d3 O-O 6. O-O Bxc3 7. bxc3 d6 8.
h3 Qe7 9. Bg5 Nd8 10. Nh2 Ne6 11. Be3 d5 12. Nf3 c6 13. Ba4 dxe4 14. Ng5 Nc5
15. Bb3 Nxb3 16. axb3 exd3 17. Qxd3 h6 18. Ne4 Nxe4 19. Qxe4 f5 20. Qf3 f4 21.
Bxa7 e4 22. Rfe1 Rxa7 23. Rxa7 Qc5 24. Qxe4 Qxa7 25. Qc4+ Kh8 26. Re7 Qa5 27.
h4 Qf5 28. Qe2 Qf6 29. c4 f3 30. gxf3 Qxh4 31. Re4 Qg5+ 32. Kf1 Bh3+ 33. Ke1
Bg2 0-1

[Event "7e Festival de Vaujany 2016 - principal"]
[Site "?"]
[Date "2016.07.18"]
[Round "3.21"]
[White "Mihok, Laszlo"]
[Black "Van Foreest, Machteld"]
[Result "1-0"]
[WhiteElo "2096"]
[BlackElo "1708"]
[PlyCount "43"]

1. d4 d5 2. c4 c6 3. Nf3 Nf6 4. e3 e6 5. b3 Nbd7 6. Bd3 Bd6 7. O-O O-O 8. Bb2
Re8 9. Ne5 Bc7 10. f4 c5 11. Nd2 cxd4 12. exd4 dxc4 13. bxc4 Bb6 14. Ndf3 Qe7
15. Kh1 Rd8 16. Ng5 Rf8 17. a4 Bc7 18. Ba3 Bd6 19. c5 Bxe5 20. fxe5 Nd5 21.
Bxh7+ Kh8 22. Qh5 1-0

[Event "7e Festival de Vaujany 2016 - principal"]
[Site "?"]
[Date "2016.07.18"]
[Round "3.23"]
[White "Meunier, Clement"]
[Black "Borderie, David"]
[Result "1-0"]
[WhiteElo "2338"]
[BlackElo "1845"]
[PlyCount "65"]

1. e4 Nc6 2. d4 d5 3. e5 Bf5 4. c3 e6 5. Qb3 a6 6. Nf3 Rb8 7. a4 h6 8. Be2 Nge7
9. Nbd2 Ng6 10. Nf1 Nh4 11. g3 Nxf3+ 12. Bxf3 Na5 13. Qd1 c5 14. Ne3 Bg6 15.
dxc5 Bxc5 16. b4 Bxe3 17. Bxe3 Nc4 18. Bd4 O-O 19. O-O Qc7 20. Qe2 b5 21. a5
Rfd8 22. Bg2 Re8 23. f4 Rbd8 24. g4 Qd7 25. Qf2 Bh7 26. Kh1 Qc7 27. Rae1 Na3
28. f5 exf5 29. gxf5 Qd7 30. Bh3 Qe7 31. Rg1 Kh8 32. f6 gxf6 33. e6 1-0

[Event "7e Festival de Vaujany 2016 - principal"]
[Site "?"]
[Date "2016.07.18"]
[Round "3.24"]
[White "Kutchoukov, Daniel"]
[Black "Prats Rodriguez, Juan Bosco"]
[Result "1/2-1/2"]
[WhiteElo "1778"]
[BlackElo "1978"]
[PlyCount "134"]

1. e4 d6 2. d4 Nf6 3. Nc3 g6 4. Bg5 Bg7 5. e5 dxe5 6. dxe5 Ng4 7. Qxd8+ Kxd8 8.
Rd1+ Bd7 9. e6 Bxc3+ 10. bxc3 fxe6 11. Nf3 Nc6 12. Bc4 Ke8 13. Bb3 Nge5 14.
Nxe5 Nxe5 15. Bf4 Nc6 16. Bxc7 Rc8 17. Bg3 Na5 18. O-O Rf8 19. Be5 Nc4 20. Bd4
a5 21. Rfe1 a4 22. Bxc4 Rxc4 23. Rb1 b5 24. Re4 Rf5 25. Rb4 Rc8 26. g3 Kf7 27.
f4 Bc6 28. Re5 Rd8 29. Kf2 Rxe5 30. fxe5 Kg7 31. a3 Rf8+ 32. Ke2 Bd5 33. Rb1
Bc4+ 34. Ke3 g5 35. Re1 g4 36. Rb1 Rf3+ 37. Kd2 Kg6 38. Bc5 h5 39. Rg1 Kf5 40.
Bd4 Ke4 41. Kc1 Rf1+ 42. Rxf1 Bxf1 43. Kd2 Bc4 44. Kd1 b4 45. axb4 a3 46. Kc1
Kf3 47. Bc5 Kg2 48. Bxe7 Kxh2 49. Bh4 Kg2 50. Kb1 Kf3 51. b5 Bxb5 52. Ka2 Ke4
53. Kxa3 Kxe5 54. Kb4 Ba6 55. Kc5 Ke4 56. Kd6 Bc4 57. Kc5 Ba6 58. Kd6 Kf5 59.
Bd8 e5 60. Kd5 Bb7+ 61. Kc4 Ke4 62. Bc7 Kf5 63. Kd3 Be4+ 64. Kd2 Bd5 65. Kd3
Be4+ 66. Kd2 Bd5 67. Kd3 Be4+ 1/2-1/2

[Event "7e Festival de Vaujany 2016 - principal"]
[Site "?"]
[Date "2016.07.18"]
[Round "3.31"]
[White "Tripodi, Enzo"]
[Black "Geher, Koppany"]
[Result "1-0"]
[WhiteElo "1874"]
[BlackElo "1931"]
[PlyCount "117"]

1. e4 e6 2. d4 d5 3. Nd2 Nf6 4. e5 Nfd7 5. Bd3 c5 6. c3 Nc6 7. Ne2 cxd4 8. cxd4
f6 9. exf6 Nxf6 10. Nf3 Bd6 11. O-O O-O 12. Re1 Qb6 13. Nc3 Bd7 14. Be3 a6 15.
Na4 Qc7 16. Rc1 Kh8 17. Ne5 Bxe5 18. dxe5 Qxe5 19. Nb6 Rad8 20. Nxd7 Nxd7 21.
Bc5 Qxb2 22. Bxf8 Rxf8 23. Re2 Qf6 24. Bxa6 Nd4 25. Bxb7 Nxe2+ 26. Qxe2 Qd4 27.
Qc2 h6 28. Bc8 Nf6 29. Qc5 Qxc5 30. Rxc5 Ne4 31. Rc2 e5 32. f3 Nf6 33. Bb7 Rd8
34. Rc8 Rxc8 35. Bxc8 d4 36. a4 Nd5 37. a5 Nc7 38. a6 Nb5 39. Bd7 Na7 40. Kf2
Kg8 41. Ke2 Kf7 42. Kd3 Ke7 43. Ba4 Kd6 44. Ke4 Nc6 45. Bxc6 Kxc6 46. f4 exf4
47. Kxd4 g5 48. Ke4 Kb6 49. h4 f3 50. Kxf3 gxh4 51. Kg4 Kxa6 52. Kxh4 Kb6 53.
Kh5 Kc6 54. Kxh6 Kd6 55. g4 Ke7 56. Kg7 Ke8 57. g5 Ke7 58. g6 Ke8 59. Kh8 1-0

[Event "7e Festival de Vaujany 2016 - principal"]
[Site "Vaujany "]
[Date "2016.07.19"]
[Round "4.1"]
[White "Horvath, Jozsef"]
[Black "Van Foreest, Jorden"]
[Result "0-1"]
[WhiteElo "2507"]
[BlackElo "2584"]
[PlyCount "72"]
[EventDate "2016.??.??"]
[WhiteTeam "Echiquier Orangeois"]

1. d4 d5 2. c4 c6 3. Nf3 Nf6 4. Nc3 e6 5. cxd5 exd5 6. Bg5 Nbd7 7. e3 Be7 8.
Qc2 Nh5 9. Bxe7 Qxe7 10. Be2 Nhf6 11. Bd3 O-O 12. Rb1 Re8 13. b4 Ne4 14. b5
Nxc3 15. Qxc3 c5 16. O-O c4 17. Bc2 Nf6 18. Nd2 a6 19. a4 Qc7 20. b6 Qd6 21. a5
Bd7 22. f3 Bc6 23. e4 dxe4 24. fxe4 Rad8 25. d5 Ng4 26. Nf3 Bb5 27. Rbd1 f5 28.
h3 Nf6 29. Nd4 fxe4 30. Ne6 Rd7 31. Rxf6 gxf6 32. Qxf6 Rf7 33. Qd4 Qg3 34. Bxe4
c3 35. Bc2 Be2 36. Rb1 Bf3 0-1

[Event "7e Festival de Vaujany 2016 - principal"]
[Site "Vaujany "]
[Date "2016.07.19"]
[Round "4.2"]
[White "Chatalbashev, Boris"]
[Black "Mihok, Oliver"]
[Result "1-0"]
[WhiteElo "2545"]
[BlackElo "2509"]
[PlyCount "79"]
[EventDate "2016.??.??"]
[WhiteTeam "Tour Prends Garde! Besancon"]

1. d4 Nf6 2. c4 c5 3. d5 b5 4. cxb5 a6 5. bxa6 g6 6. Nc3 Bg7 7. e4 O-O 8. Nf3
Qa5 9. Nd2 Bxa6 10. Bxa6 Qxa6 11. a4 e6 12. Nb5 Qb7 13. O-O exd5 14. exd5 Nxd5
15. Nc4 Nb4 16. Nbd6 Qc6 17. Bf4 N8a6 18. Ne5 Bxe5 19. Bxe5 Qd5 20. Qxd5 Nxd5
21. Rfc1 f6 22. Bg3 Kg7 23. h4 Rfb8 24. Rd1 Nab4 25. Rd2 Rb6 26. a5 Rc6 27. Nc4
Kf7 28. Rad1 Ke6 29. Re2+ Kf7 30. Red2 Ke6 31. Re2+ Kf7 32. Nb6 Rxb6 33. axb6
Nxb6 34. Bd6 Rc8 35. Re7+ Kg8 36. Rde1 Nd3 37. Re8+ Rxe8 38. Rxe8+ Kf7 39. Re7+
Kg8 40. b3 1-0